| 000 | 00528nam a22001697a 4500 | ||
|---|---|---|---|
| 008 | 211129b ||||| |||| 00| 0 eng d | ||
| 020 | _a1585423998 | ||
| 050 | _aBF671.N37 | ||
| 100 |
_aNarby, Jeremy _951019 |
||
| 245 |
_aIntelligence in nature _ban inquiry into knowledge _c/by Jeremy Narby |
||
| 260 |
_aNew York: _bPenguin, _cc2005. |
||
| 300 |
_a267p. _c22cm. |
||
| 650 |
_aPsychology, Comparative _919826 |
||
| 650 |
_aAnimal Intelligence _951020 |
||
| 650 |
_aOrganisms _xMiscellanea _951021 |
||
| 942 |
_2lcc _cMONOGRAPH |
||
| 999 |
_c131125 _d131125 |
||